000 01211nam a2200289Ic 4500
001 57644
003 CO-BoRNBP
005 20250717162136.0
007 ta
008 181205s9999 xx 000 0 und d
020 _a9789581804658
040 _aCO-BoRNBP
_bspa
_erda
_cCO-BoRNBP
041 _aspa
082 0 _a303.6609861 O23b11
110 2 _aOficina del Alto Comisionado para la Paz
_922331
245 1 0 _aBiblioteca del proceso de paz con las FARC-EP, [tomo 11] :
_bacuerdo final para la terminación del conflicto y la construcción de una paz estable y duradera. 24 de noviembre de 2016 /
_cOficina del Alto Comisionado para la Paz, Presidencia de la República.
250 _aSegunda edición
264 1 _aBogotá, Colombia :
_bOficina del Alto Comisionado para la Paz,
_c[Fecha de publicación no identificada]
300 _a310 [3] páginas :
_bilustraciones, fotografías en blanco y negro
336 _atexto
_btxt
_2rdacontent
337 _asin mediación
_bn
_2rdamedia
338 _avolumen
_bnc
_2rdacarrier
500 _aRecomendado para público adulto
650 0 7 _aAcuerdos de paz
_zcolombia
_2lemb
_9104
650 0 7 _aProcesos De Paz Historia
_zcolombia
_2lemb
_961180
942 _cBK
_2ddc
999 _c57644
_d57644